00802cam a2200229u 450000100060000000300080000600500170001400800410003103500190007204000330009104100080012408200210013210000600015324500530021326000660026630000310033250400190036365000200038294200120040299900170041495201410043116491BD-RjUL20211209000021.0140213r19671953enka 001 0 eng d a(BD-RjUL)16546 aDLCcCarPdDLCdBD-RjULbeng aeng00a 796.6bSHT 19671 aShaw, Reginald Cairns,d1906- [from old catalog]95097210aTeach yourself cycling /c Reginald Cairns, Shaw aLondon :bEnglish Universities Press,c1953 [Imprission 1967] a160 p. :billus. ;c18 cm. aIncludes Index 0aCycling.950973 2ddccBK c16491d16491 00102ddc40718NFICaRUCLbRUCLcReadingd1970-10-20eZeithlinger.g30.00l0o796.6 SHT 1967r2014-02-13 00:00:00tC-1w2014-02-13yBK